01659nam a2200457 i 450000100060000000300080000600500170001400600190003100700150005000800410006502000180010602000270012403500220015104000310017305000200020408000110022408200150023510000310025024501070028125000190038826400370040730000410044433600310048533700330051633800430054950400290059258800680062159001620068965000370085165000210088865000250090965000190093465000170095365000310097065000170100165500250101870000460104379700180108985600770110799900170118464490FlNmELB20241217142428.0m o d | cr cnu||||||||190510s2018 sp ob 000 0 spa d z9788499871844 a9788499871851 (e-book) a(OCoLC)1230151898 aFINmELBbspaerdacFINmELB 4aQA11bM386 2018 a51(07)0 a510.712231 aMartínez Montero, Jaime.10aResolución de problemas y método ABN /cJaime Martínez Montero, Concepción Sánchez Cortés. a2a. edición. 1aMadrid :bWolters Kluwer,c2018. a1 recurso en línea (294 páginas) atextobtxt2rdacontent/spa acomputadorabc2rdamedia/spa arecurso en líneabcr2rdacarrier/spa aContiene bibliografía. aDescripción basada en el editor de metadatos y otras fuentes. aRecurso electrónico. Santa Fe, Arg.: elibro, 2018. Disponible vía World Wide Web. El acceso puede estar limitado para las bibliotecas afiliadas a elibro. 0aMathematicsxStudy and teaching. 0aProblem solving. 0aLearning strategies. 4aMatemáticas. 4aEnseñanza. 4aResolución de problemas. 4aAprendizaje. 4aLibros electronicos.1 aSánchez Cortés, Concepción,eautor.2 aelibro, Corp.40uhttps://elibro.net/ereader/politecnicointernacional/63187zClick to View c64490d64490